000 00355nam a22001337a 4500
008 250407b |||||||| |||| 00| 0 eng d
020 _a9782690260
050 _aHJ193
_b.S48
100 _aSECURITIES AND Exchange
245 _aRegulation of Distribution of Public Securities
260 _aNigeria
_bThe Rules Committe
_cNIL
300 _a112p.
942 _cBK
999 _c2899
_d2899